[Event "Eastpointe (US Am N/6/3)"]
[Site "?"]
[Date "1994.??.??"]
[Round "?"]
[White "Reeves, Andre"]
[Black "Jarosz, Stan"]
[Result "0-1"]
[WhiteElo "1765"]
[BlackElo "2040"]
[PlyCount "100"]
[EventDate "1994.??.??"]

{6/(3)} 1. b4 d5 2. Bb2 Bf5 3. e3 e6 4. c4 Nf6 5. a3 c6 6. Nf3 h6 7. Be2 Be7 8.
O-O dxc4 9. Bxc4 Bd3 10. Bxd3 Qxd3 11. Ne5 Qd8 12. f4 O-O 13. Rf3 a5 14. Rg3
axb4 15. axb4 Rxa1 16. Bxa1 Nbd7 17. Ng4 Nxg4 18. Bxg7 f5 19. h3 Kxg7 20. hxg4
Kh7 21. g5 Qe8 22. Rh3 Kg7 23. Rxh6 Nf6 24. Qf3 Ng4 25. Rh3 Bxb4 26. e4 Qd8 27.
Kf1 Qd4 28. Ke1 Rh8 29. exf5 exf5 30. Rxh8 Qg1+ 31. Ke2 Kxh8 32. Nc3 Qd4 33. g6
Kg7 34. Qh3 Kxg6 35. Qh4 Qf2+ 36. Qxf2 Nxf2 37. Kxf2 Bxc3 38. dxc3 Kh5 39. Ke3
Kg4 40. Kd4 Kxf4 41. Kc5 Kg3 42. c4 b5 43. Kd4 bxc4 44. Ke3 c3 45. Ke2 f4 46.
Kf1 c2 47. Ke2 c1=Q 48. Kd3 Qc5 49. Kd2 Qc4 50. Ke1 Qc2 0-1

[Event "Eastpointe (US Am N/4/18)"]
[Site "?"]
[Date "1994.??.??"]
[Round "?"]
[White "Reeves, Andre"]
[Black "Hayes, P."]
[Result "1-0"]
[WhiteElo "1765"]
[BlackElo "1605"]
[PlyCount "65"]
[EventDate "1994.??.??"]

{4/(18)} 1. b4 e5 2. Bb2 Nc6 3. b5 Nd4 4. e3 Nf5 5. Bxe5 d5 6. c4 dxc4 7. Bxc4
Nd6 8. Bb3 Qg5 9. Bg3 Qxb5 10. Nc3 Qa5 11. Nge2 Nf6 12. O-O Be7 13. f3 O-O 14.
d4 c6 15. e4 Nb5 16. Nxb5 Qxb5 17. Kh1 Nh5 18. Rb1 Nxg3+ 19. Nxg3 Qg5 20. f4
Qh6 21. f5 Bh4 22. Qf3 Bxg3 23. Qxg3 Kh8 24. e5 Bd7 25. Bc2 b6 26. Rf4 g5 27.
fxg6 fxg6 28. Rh4 Qg7 29. Bxg6 h6 30. Qg5 Kg8 31. Rxh6 Bf5 32. Re1 Rf6 33. exf6
1-0

[Event "Eastpointe (US Am N/2/22)"]
[Site "?"]
[Date "1994.??.??"]
[Round "?"]
[White "Reeves, Andre"]
[Black "Glinert, S."]
[Result "0-1"]
[WhiteElo "1765"]
[BlackElo "1605"]
[PlyCount "104"]
[EventDate "1994.??.??"]

{2/(22)} 1. e4 e6 2. d4 d5 3. e5 c5 4. c3 Nc6 5. Nf3 Qb6 6. Bd3 Bd7 7. O-O cxd4
8. cxd4 Nxd4 9. Nxd4 Qxd4 10. Re1 Qb6 11. Qe2 Ne7 12. Nc3 Ng6 13. Kh1 Be7 14.
f4 O-O-O 15. f5 Nf8 16. Bf4 g5 17. Rec1 Kb8 18. Bg3 Ka8 19. a4 a6 20. a5 Qa7
21. Na4 Bxa4 22. Rxa4 Nd7 23. b4 Rc8 24. Rc2 Qb8 25. b5 Rxc2 26. Bxc2 Qa7 27.
b6 Qb8 28. Bf2 Qxe5 29. Qxe5 Nxe5 30. Bb3 Rc8 31. Ra1 Bf6 32. Rf1 Be7 33. Bd4
Nc4 34. Bxc4 dxc4 35. Bc3 Rd8 36. fxe6 fxe6 37. g3 Rf8 38. Rd1 Bc5 39. Bf6 g4
40. Be5 h5 41. h3 Bb4 42. Rd4 Bxa5 43. Bc7 c3 44. Rc4 Rc8 45. Rc5 c2 46. Rxc2
Bxb6 47. Re2 Rxc7 48. Rxe6 Bf2 49. hxg4 hxg4 50. Re4 Bxg3 51. Rxg4 Bd6 52. Rd4
Be7 0-1

[Event "Detroit (Class DE/4/15)"]
[Site "?"]
[Date "1994.??.??"]
[Round "?"]
[White "Raupp, Sarah"]
[Black "Sturgis, Derreck"]
[Result "0-1"]
[WhiteElo "1605"]
[BlackElo "1605"]
[PlyCount "144"]
[EventDate "1994.??.??"]

{4/(15)} 1. f4 d5 2. e3 c5 3. b3 Nc6 4. Bb5 e6 5. Bb2 Nf6 6. Nf3 Bd6 7. d3 O-O
8. Bxc6 bxc6 9. Ne5 Bxe5 10. Bxe5 Nd7 11. Nd2 Nxe5 12. fxe5 f6 13. Nf3 fxe5 14.
Nxe5 Qh4+ 15. g3 Qf6 16. Ng4 Qc3+ 17. Ke2 e5 18. Nf2 e4 19. Qd2 Qf6 20. Raf1
exd3+ 21. Nxd3 Bg4+ 22. Ke1 Qa1+ 23. Qc1 Qc3+ 24. Qd2 d4 25. Qxc3 dxc3 26.
Rxf8+ Rxf8 27. Nxc5 Bf5 28. e4 Bh3 29. Ke2 Rd8 30. Re1 Rd2+ 31. Kf3 Rxc2 32. a3
Rxh2 33. e5 Bg2+ 34. Ke3 Bd5 35. e6 Rh5 36. Kd3 Rg5 37. Kxc3 Rxg3+ 38. Nd3 Kf8
39. e7+ Ke8 40. Kd4 Rg4+ 41. Kc5 Rg3 42. Nf4 Rc3+ 43. Kd6 Bxb3 44. Ne6 Bxe6 45.
Kxe6 Rxa3 46. Rf1 Re3+ 47. Kd6 Rxe7 48. Kxc6 g5 49. Rh1 g4 50. Rg1 h5 51. Kb5
Rg7 52. Ka6 Rd7 53. Re1+ Re7 54. Rh1 Rh7 55. Re1+ Kf7 56. Re4 Kf6 57. Rf4+ Kg5
58. Rf8 Rg7 59. Rb8 g3 60. Rb1 h4 61. Rg1 Kg4 62. Rh1 h3 63. Re1 g2 64. Re4+
Kf3 65. Re1 Kf2 66. Ra1 g1=Q 67. Rxg1 Rxg1 68. Kxa7 Rb1 69. Ka8 Ke3 70. Ka7 Kd4
71. Ka6 Kc5 72. Ka5 Ra1# 0-1

[Event "Detroit (MOR/6/60)"]
[Site "?"]
[Date "1994.??.??"]
[Round "?"]
[White "Raupp, Sarah"]
[Black "Stubbs, B."]
[Result "0-1"]
[WhiteElo "1605"]
[BlackElo "1605"]
[PlyCount "68"]
[EventDate "1994.??.??"]

{6/(60)} 1. f4 Nf6 2. e3 d5 3. b3 Nc6 4. Bb5 Bd7 5. Nf3 a6 6. Bxc6 Bxc6 7. Bb2
e6 8. O-O h6 9. d3 Bd6 10. Nbd2 O-O 11. Ne5 Bxe5 12. fxe5 Nd7 13. Rf2 Qg5 14.
e4 Nxe5 15. Bxe5 Qxe5 16. Qf3 Qxa1+ 17. Rf1 Qxa2 18. Qg3 Qxc2 19. Nf3 dxe4 20.
Nd4 Qc5 21. Qe3 Rad8 22. Rf4 Rxd4 23. Rg4 f5 24. Rg6 f4 25. Qh3 Qc1+ 26. Kf2
e3+ 27. Ke2 Rf6 28. Rxf6 gxf6 29. Qxe6+ Kg7 30. Qg4+ Kf7 31. Qh5+ Ke7 32. Qxh6
Qc2+ 33. Ke1 Qf2+ 34. Kd1 Qd2# 0-1

[Event "Detroit (MOR/4/54)"]
[Site "?"]
[Date "1994.??.??"]
[Round "?"]
[White "Raupp, Sarah"]
[Black "Salami, Samer"]
[Result "0-1"]
[WhiteElo "1605"]
[BlackElo "1605"]
[PlyCount "95"]
[EventDate "1994.??.??"]

{4/(54)} 1. f4 d5 2. e3 Nf6 3. b3 e6 4. Bb2 Be7 5. Nf3 c5 6. Bd3 h6 7. O-O Nc6
8. Bb5 Bd7 9. d3 Qb6 10. Bxc6 Bxc6 11. Nbd2 Rc8 12. Ne5 d4 13. e4 Qc7 14. Rf3
Nd7 15. Nxd7 Qxd7 16. Rg3 Bf8 17. Nf3 f6 18. Nh4 Kd8 19. Ng6 Rg8 20. Qh5 Bb5
21. f5 e5 22. Rg4 a5 23. a4 Ba6 24. Rf1 b5 25. axb5 Bxb5 26. Bc1 a4 27. Bd2 Bd6
28. Ba5+ Bc7 29. Bd2 axb3 30. cxb3 Bxd3 31. Re1 Bd6 32. Rg3 Bc2 33. Qe2 d3 34.
Qe3 c4 35. Qb6+ Rc7 36. Ra1 Bc5+ 37. Be3 Bxb6 38. Bxb6 d2 39. Ra8+ Qc8 40.
Rxc8+ Kxc8 41. Bxc7 d1=Q+ 42. Kf2 Kxc7 43. Rc3 Qd4+ 44. Re3 cxb3 45. Ke2 Qxe3+
46. Kxe3 b2 47. Ne7 b1=Q 48. Nd5+ 0-1

[Event "Detroit (MOR/2/47)"]
[Site "?"]
[Date "1994.??.??"]
[Round "?"]
[White "Raupp, Sarah"]
[Black "Piasecki, Vince"]
[Result "0-1"]
[WhiteElo "1605"]
[BlackElo "1605"]
[PlyCount "72"]
[EventDate "1994.??.??"]

{2/(47)} 1. f4 Nf6 2. e3 d5 3. b3 c5 4. Bb2 Nc6 5. Bb5 e6 6. Nf3 Bd7 7. Bxc6
Bxc6 8. Ne5 g6 9. O-O Bg7 10. d3 O-O 11. Nd2 d4 12. e4 Qc7 13. Rf3 Nh5 14. Ndc4
Be8 15. Qd2 b5 16. Ne3 dxe3 17. Qxe3 Bc6 18. Qxc5 Rac8 19. Nxc6 Qxc6 20. Qa3 b4
21. Qxa7 Bxb2 22. Raf1 Rfd8 23. g4 Bd4+ 24. Qxd4 Rxd4 25. gxh5 Qxc2 26. hxg6
hxg6 27. R1f2 Qc3 28. Rh3 Rxd3 29. Rxd3 Qxd3 30. Rg2 Qe3+ 31. Rf2 Rc2 32. Kg2
Qxf2+ 33. Kh3 Qxh2+ 34. Kg4 Rf2 35. Kg5 Kg7 36. f5 Rg2# 0-1

[Event "Detroit (Class DE/1/11)"]
[Site "?"]
[Date "1994.??.??"]
[Round "?"]
[White "Raupp, Sarah"]
[Black "Kielb, M."]
[Result "1-0"]
[WhiteElo "1605"]
[BlackElo "1605"]
[PlyCount "133"]
[EventDate "1994.??.??"]

{1/(11)} 1. f4 Nc6 2. e3 d5 3. Bb5 Bd7 4. b3 e5 5. Bxc6 Bxc6 6. fxe5 d4 7. Nf3
Bxf3 8. Qxf3 Bb4 9. O-O f6 10. c3 dxc3 11. Nxc3 c6 12. Rf2 Qd3 13. e4 O-O-O 14.
exf6 Nxf6 15. Qf5+ Kb8 16. Qg5 Bc5 17. Qxc5 Rhf8 18. Qe3 Qxe3 19. dxe3 Rfe8 20.
Rd2 Rxd2 21. Bxd2 Rd8 22. Rd1 Rd3 23. Kf1 Ng4 24. Ke2 Rd7 25. h3 Ne5 26. Be1
Rf7 27. Bg3 Re7 28. Bxe5+ Rxe5 29. Rd8+ Kc7 30. Rg8 Re7 31. g4 b5 32. Kf3 Kb6
33. Kf4 Rd7 34. h4 Rf7+ 35. Ke5 Rf3 36. Rxg7 Rxe3 37. Nd1 Re1 38. Nf2 Ra1 39.
h5 Rxa2 40. Nh3 Rb2 41. Rxh7 Rxb3 42. Nf4 a5 43. g5 a4 44. g6 a3 45. g7 Rg3 46.
Ng6 a2 47. g8=Q a1=Q+ 48. Kf4 Rg1 49. Qb8+ Kc5 50. Qa7+ Qxa7 51. Rxa7 b4 52.
Ra2 b3 53. Rh2 Kc4 54. h6 Rxg6 55. h7 b2 56. Rc2+ Kb3 57. Rxb2+ Kxb2 58. h8=Q+
Kc2 59. Qd4 Rg2 60. Ke3 Rg3+ 61. Kf2 Rd3 62. Qc4+ Kd2 63. Qb4+ Kc2 64. Ke2 Rc3
65. Qd4 c5 66. Qa4+ Kc1 67. Qa1+ 1-0

[Event "Detroit (Class DE/3/11)"]
[Site "?"]
[Date "1994.??.??"]
[Round "?"]
[White "Raupp, Sarah"]
[Black "Bascomb, A."]
[Result "0-1"]
[WhiteElo "1605"]
[BlackElo "1605"]
[PlyCount "86"]
[EventDate "1994.??.??"]

{3/(11)} 1. f4 c5 2. e3 Nf6 3. b3 g6 4. Bb2 Bg7 5. Nf3 O-O 6. Bc4 d5 7. Bd3 e6
8. Ne5 Nbd7 9. O-O Nxe5 10. Bxe5 Nd7 11. Bxg7 Kxg7 12. Rf3 e5 13. e4 dxe4 14.
Bxe4 f5 15. Bd5 Nf6 16. Bc4 Qd4+ 17. Kh1 Qxa1 18. Qg1 e4 19. Rh3 Ng4 20. g3 Qd4
21. Kg2 Qxg1+ 22. Kxg1 e3 23. dxe3 Nxe3 24. Nd2 Nxc2 25. Nf3 Rd8 26. Ng5 h6 27.
Nf7 Rd1+ 28. Kf2 h5 29. Ng5 Rd2+ 30. Kg1 Ne3 31. Nf3 Rg2+ 32. Kh1 Kf6 33. Bf1
Rxa2 34. Bd3 Ng4 35. Ng1 Nf2+ 36. Kg2 Nxd3+ 37. Kf3 Rf2+ 38. Ke3 Rf1 39. Kxd3
Rxg1 40. g4 fxg4 41. Re3 Bf5+ 42. Kc4 Rc1+ 43. Kd5 Rd8# 0-1

[Event "Romulus (RVO/4/14)"]
[Site "?"]
[Date "1994.??.??"]
[Round "?"]
[White "Raupp, Kenneth L"]
[Black "Williams, Ron"]
[Result "0-1"]
[WhiteElo "1700"]
[BlackElo "1870"]
[PlyCount "56"]
[EventDate "1994.??.??"]

{4/(14)} 1. f4 d5 2. e3 c5 3. Nf3 Nc6 4. Bb5 Bd7 5. b3 a6 6. Bxc6 Bxc6 7. Bb2
Nf6 8. O-O e6 9. Ne5 Qc7 10. d3 Bd6 11. Nd2 O-O-O 12. d4 h5 13. a3 Ne8 14. c4
f6 15. Nxc6 Qxc6 16. b4 cxb4 17. cxd5 Qxd5 18. Rc1+ Kb8 19. axb4 Bxb4 20. Rc2
Nd6 21. Nb1 Rc8 22. Bc3 Bxc3 23. Nxc3 Qb3 24. Qd3 Qc4 25. Qg6 Nf5 26. Re1 Qd3
27. Rec1 Qxe3+ 28. Kh1 Nxd4 0-1

[Event "Detroit (MI Op/5/33)"]
[Site "?"]
[Date "1994.??.??"]
[Round "?"]
[White "Raupp, Kenneth L"]
[Black "Taylor, E."]
[Result "0-1"]
[WhiteElo "1700"]
[BlackElo "1920"]
[PlyCount "78"]
[EventDate "1994.??.??"]

{5/(33)} 1. f4 Nf6 2. e3 d5 3. Nf3 Bg4 4. h3 Bf5 5. b3 h6 6. Bb2 e6 7. g4 Be4
8. d3 Bxf3 9. Qxf3 Bb4+ 10. Nd2 Qe7 11. a3 Bd6 12. h4 Rg8 13. g5 Nfd7 14. c4 c6
15. d4 c5 16. b4 cxd4 17. c5 dxe3 18. Nb3 Bc7 19. Qxe3 b6 20. Rc1 bxc5 21. bxc5
Nc6 22. Bb5 Na5 23. c6 Nf8 24. Nxa5 Bxa5+ 25. Ke2 Bc7 26. Be5 Ng6 27. Bxc7 Qxc7
28. f5 Nf4+ 29. Kf3 e5 30. Rhd1 Rb8 31. Ba4 e4+ 32. Kf2 hxg5 33. hxg5 Rh8 34.
Qg3 Rb2+ 35. Rc2 Rxc2+ 36. Bxc2 Rh3 37. Qg1 e3+ 38. Kf1 Rf3+ 39. Ke1 Qa5+ 0-1

[Event "Detroit (Class B/5/8)"]
[Site "?"]
[Date "1994.??.??"]
[Round "?"]
[White "Raupp, Kenneth L"]
[Black "Randel, D."]
[Result "1/2-1/2"]
[WhiteElo "1695"]
[BlackElo "1660"]
[PlyCount "75"]
[EventDate "1994.??.??"]

{5/(8)} 1. f4 d5 2. b3 Nf6 3. e3 g6 4. Bb2 Bg7 5. Nf3 O-O 6. Be2 c5 7. O-O Nc6
8. d3 b6 9. Ne5 Bb7 10. c4 e6 11. Nd2 Nd7 12. Nxc6 Bxc6 13. Bxg7 Kxg7 14. Nf3
Qc7 15. Qe1 Rae8 16. Qh4 e5 17. f5 dxc4 18. bxc4 Nf6 19. e4 b5 20. Rac1 b4 21.
g4 Qd8 22. g5 Nd7 23. Qh6+ Kh8 24. f6 Rg8 25. Nd2 Re6 26. Rf3 Qf8 27. Rh3 Qxh6
28. Rxh6 Rd8 29. Rf1 Nf8 30. Nb3 a5 31. Nxc5 Red6 32. Nb3 Ra8 33. Rb1 Ne6 34.
h4 Nf4 35. Kf1 Ne6 36. h5 Nxg5 37. hxg6 fxg6 38. Kg2 1/2-1/2

[Event "Detroit (Class B/3/12)"]
[Site "?"]
[Date "1994.??.??"]
[Round "?"]
[White "Raupp, Kenneth L"]
[Black "Purkey, L."]
[Result "1-0"]
[WhiteElo "1695"]
[BlackElo "1625"]
[PlyCount "84"]
[EventDate "1994.??.??"]

{3/(12)} 1. f4 g6 2. e4 Bg7 3. Nf3 c6 4. d4 d5 5. e5 f6 6. Be2 fxe5 7. fxe5 Bg4
8. O-O e6 9. Ng5 Bxe2 10. Qxe2 Qe7 11. Rf7 Qxf7 12. Nxf7 Kxf7 13. Qf3+ Ke8 14.
Qh3 Kd7 15. Nd2 Ne7 16. Nf3 h6 17. Bd2 Na6 18. a3 g5 19. Rf1 Rag8 20. Qh5 Bf8
21. Ne1 Nc7 22. Nd3 b6 23. Bb4 Ne8 24. Nf2 a5 25. Bd2 Ng7 26. Qe2 Nc8 27. Qa6
Ne8 28. Qb7+ Nc7 29. Ng4 Be7 30. Rf7 Ke8 31. Rxe7+ Kxe7 32. Qxc7+ Kf8 33. Qxc8+
Kf7 34. Qd7+ Kg6 35. Qxe6+ Kg7 36. Qe7+ Kg6 37. Qd6+ Kg7 38. Qxc6 Rc8 39. Qf6+
Kg8 40. Qg6+ Kf8 41. c3 Rc7 42. Qf6+ Kg8 1-0

[Event "Detroit (MI Op/3/41)"]
[Site "?"]
[Date "1994.??.??"]
[Round "?"]
[White "Raupp, Kenneth L"]
[Black "Morabito, Matthew"]
[Result "1/2-1/2"]
[WhiteElo "1700"]
[BlackElo "1890"]
[PlyCount "79"]
[EventDate "1994.??.??"]

{3/(41)} 1. f4 Nf6 2. b3 g6 3. Bb2 Bg7 4. e3 O-O 5. Nf3 d5 6. Be2 c5 7. O-O Nc6
8. d3 b6 9. h3 Nh5 10. Bxg7 Kxg7 11. Qe1 d4 12. g4 Nf6 13. e4 Qc7 14. Qg3 h5
15. g5 Ne8 16. a3 Kh7 17. Nbd2 Ng7 18. Kh2 Bd7 19. Nc4 Rae8 20. Rf2 Rh8 21. h4
Bg4 22. Nfe5 Bxe2 23. Rxe2 Rhf8 24. Rf1 b5 25. Nxc6 bxc4 26. Ne5 cxb3 27. cxb3
Rb8 28. Rb2 e6 29. Rc1 f6 30. Nf3 f5 31. e5 Qa5 32. a4 Rb4 33. Nd2 Rfb8 34. Nc4
Qc7 35. Rcb1 Ne8 36. Qg2 Kg7 37. Kg3 Kf7 38. Qc2 Ke7 39. Nd2 Rc8 40. Rc1
1/2-1/2

[Event "Romulus (RVO/1/28)"]
[Site "?"]
[Date "1994.??.??"]
[Round "?"]
[White "Raupp, Kenneth L"]
[Black "Fuson, R."]
[Result "1-0"]
[WhiteElo "1700"]
[BlackElo "1605"]
[PlyCount "75"]
[EventDate "1994.??.??"]

{1/(28)} 1. f4 d5 2. b3 Nc6 3. e3 Nf6 4. Bb5 e6 5. Bb2 Bd7 6. Nf3 Be7 7. O-O a6
8. Bxc6 Bxc6 9. Ne5 Qd6 10. d3 Rf8 11. Ba3 Qd8 12. Qe1 Bxa3 13. Nxa3 Qd6 14.
Qc1 O-O-O 15. c4 d4 16. c5 Qd5 17. e4 Nxe4 18. dxe4 Qxe4 19. Nxc6 Qxc6 20. b4
Rd5 21. Nc4 Rfd8 22. Ne5 Rxe5 23. fxe5 d3 24. Qd2 f6 25. exf6 gxf6 26. Rxf6 Qe4
27. Re1 Qd4+ 28. Rf2 e5 29. Re3 e4 30. Rf4 Qxe3+ 31. Qxe3 d2 32. Rf1 d1=Q 33.
Rxd1 Rxd1+ 34. Kf2 Rd8 35. Ke2 Re8 36. Qh3+ Kb8 37. Qxh7 c6 38. Ke3 1-0

[Event "Detroit (Class B/1/3)"]
[Site "?"]
[Date "1994.??.??"]
[Round "?"]
[White "Raupp, Kenneth L"]
[Black "Drysdale, Gilbert"]
[Result "1-0"]
[WhiteElo "1695"]
[BlackElo "1765"]
[PlyCount "64"]
[EventDate "1994.??.??"]

{1/(3)} 1. f4 d5 2. e3 Nf6 3. b3 d4 4. Bd3 Bg4 5. Nf3 Qd5 6. Bb2 Nc6 7. Qe2
O-O-O 8. e4 Qh5 9. Qf2 e5 10. fxe5 Nxe5 11. Nxd4 c5 12. Ne2 Nxd3+ 13. cxd3 Rxd3
14. Nf4 Nxe4 15. Nxh5 Nxf2 16. Kxf2 Bxh5 17. Re1 f6 18. Bc3 Bd6 19. h3 Bg3+ 20.
Kf1 Bxe1 21. Kxe1 Re8+ 22. Kf1 g5 23. Na3 f5 24. Nc4 f4 25. Rc1 Re2 26. Bf6 Rg3
27. Ne5 Rxd2 28. Rxc5+ Kb8 29. Nd7+ Rxd7 30. Be5+ Rc7 31. Bxc7+ Kc8 32. Bxf4+
Kd7 1-0

[Event "Romulus (RVO/4/31)"]
[Site "?"]
[Date "1994.??.??"]
[Round "?"]
[White "Raupp, Kenneth A"]
[Black "Timberlake, B."]
[Result "0-1"]
[WhiteElo "1605"]
[BlackElo "1605"]
[PlyCount "86"]
[EventDate "1994.??.??"]

{4/(31)} 1. f4 c5 2. e3 Nf6 3. Nf3 d6 4. b3 e5 5. fxe5 dxe5 6. Nxe5 Qc7 7. Bb2
Bd6 8. Nf3 a6 9. Bc4 Bg4 10. h3 Bh5 11. Nc3 Bg3+ 12. Kf1 O-O 13. Qe2 Nbd7 14.
Kg1 Ne5 15. Rf1 Rad8 16. Nb1 b5 17. Bxe5 Bxe5 18. Bd3 Bg3 19. Nc3 Rd7 20. Ne4
Nxe4 21. Bxe4 Rfd8 22. Rd1 Qa5 23. d3 Qxa2 24. Rc1 Qb2 25. Qf1 c4 26. dxc4 bxc4
27. Nh2 Qc3 28. Bd3 Qd2 29. Bxh7+ Kxh7 30. Qf5+ Bg6 31. Qf3 Qxc1+ 32. Nf1 Qe1
33. h4 Rd1 34. bxc4 Qxf1+ 35. Qxf1 Rxf1+ 36. Kxf1 Rd1+ 37. Ke2 Rxh1 38. Kf3 Bd6
39. e4 Rh2 40. c3 Bh5+ 41. g4 Bxg4+ 42. Kxg4 Rc2 43. e5 Bc5 0-1

[Event "Detroit (Class DE/3/2)"]
[Site "?"]
[Date "1994.??.??"]
[Round "?"]
[White "Raupp, Kenneth A"]
[Black "Spencer, Gordon"]
[Result "1-0"]
[WhiteElo "1605"]
[BlackElo "1605"]
[PlyCount "109"]
[EventDate "1994.??.??"]

{3/(2)} 1. f4 d5 2. e3 e6 3. Nf3 Be7 4. b3 Bf6 5. Ne5 Nd7 6. Bb2 Bxe5 7. fxe5
Ne7 8. d4 a6 9. Bd3 f5 10. exf6 Nxf6 11. O-O O-O 12. Qe1 Qe8 13. Nd2 Bd7 14.
Rf3 Bc6 15. Rh3 Ng6 16. Nf3 Ne4 17. Bxe4 dxe4 18. Ng5 h6 19. Qg3 Rc8 20. d5
exd5 21. Qg4 Bd7 22. Qh5 Bxh3 23. Nxh3 Nh8 24. Qxd5+ Nf7 25. Rf1 c6 26. Qd4 Qe5
27. Rxf7 Qxd4 28. Rxf8+ Kxf8 29. Bxd4 Kf7 30. Kf2 g5 31. Ke2 Kg6 32. Nf2 Re8
33. g4 Re6 34. Nd1 Kf7 35. Nc3 b5 36. a4 Kg6 37. axb5 axb5 38. Na2 h5 39. h3 h4
40. Nb4 c5 41. Bxc5 Rf6 42. c4 bxc4 43. bxc4 Rf3 44. Bd6 Rxh3 45. c5 Kf7 46. c6
Ke6 47. c7 Kd7 48. Nc6 Rh1 49. Na7 Rc1 50. c8=Q+ Rxc8 51. Nxc8 Kxc8 52. Be7 h3
53. Kf2 Kd7 54. Bxg5 Ke6 55. Kg3 1-0

[Event "Detroit (MOR/3/13)"]
[Site "?"]
[Date "1994.??.??"]
[Round "?"]
[White "Raupp, Kenneth A"]
[Black "Sattler, Peter"]
[Result "1-0"]
[WhiteElo "1605"]
[BlackElo "1785"]
[PlyCount "63"]
[EventDate "1994.??.??"]

{3/(13)} 1. f4 d5 2. e3 Nf6 3. Nf3 Nc6 4. Bb5 Bd7 5. b3 e6 6. Bb2 Bd6 7. Bxc6
Bxc6 8. O-O b6 9. Ne5 Bb7 10. d3 O-O 11. Nd2 c5 12. Rf3 d4 13. e4 Bxe5 14. fxe5
Nd7 15. Rh3 Qg5 16. Nf3 Qe7 17. Qe1 Rfe8 18. Qg3 Nf8 19. Bc1 Ng6 20. Ng5 h6 21.
Nf3 a5 22. Rh5 Red8 23. Nh4 Qe8 24. Bxh6 gxh6 25. Nxg6 fxg6 26. Rxh6 Kg7 27.
Qh4 Qg8 28. Rf1 Rf8 29. Rf6 Rxf6 30. exf6+ Kf8 31. Rh8 Bc6 32. Qh7 1-0

[Event "Detroit (MOR/7/10)"]
[Site "?"]
[Date "1994.??.??"]
[Round "?"]
[White "Raupp, Kenneth A"]
[Black "Nicolli, Randy"]
[Result "1/2-1/2"]
[WhiteElo "1605"]
[BlackElo "1750"]
[PlyCount "103"]
[EventDate "1994.??.??"]

{7/(10)} 1. f4 d5 2. e3 Nf6 3. Nf3 Bf5 4. b3 e6 5. Bb2 Be7 6. Bd3 Bxd3 7. cxd3
O-O 8. O-O c5 9. d4 Nbd7 10. Ne5 Nxe5 11. dxe5 Ne8 12. d4 b6 13. Rf3 f6 14. Rh3
g6 15. Qg4 f5 16. Qg3 Rf7 17. Nd2 Nc7 18. Nf3 Rg7 19. Rh6 g5 20. Nxg5 Bxg5 21.
fxg5 Rxg5 22. Qh3 Qe7 23. Qh4 Qg7 24. g3 cxd4 25. Rxh7 Qxh7 26. Qxg5+ Qg7 27.
Qxg7+ Kxg7 28. exd4 Rf8 29. Rc1 Rf7 30. Ba3 Rd7 31. Rc6 Kf7 32. Bd6 Nb5 33. h4
Nxd4 34. Rc7 Rxc7 35. Bxc7 Nc6 36. Kf2 b5 37. a4 bxa4 38. bxa4 a6 39. Kf3 Kg6
40. g4 fxg4+ 41. Kxg4 d4 42. h5+ Kh6 43. Bb6 Nxe5+ 44. Kh4 Nc6 45. Kg4 e5 46.
Bc5 e4 47. Kf4 e3 48. Bxd4 Nxd4 49. Kxe3 Nc6 50. Kd3 Kxh5 51. Kc4 Kg6 52. Kc5
1/2-1/2

[Event "Romulus (RVO/1/9)"]
[Site "?"]
[Date "1994.??.??"]
[Round "?"]
[White "Raupp, Kenneth A"]
[Black "Moody, David"]
[Result "0-1"]
[WhiteElo "1605"]
[BlackElo "2000"]
[PlyCount "66"]
[EventDate "1994.??.??"]

{1/(9)} 1. f4 e5 2. fxe5 d6 3. exd6 Bxd6 4. g3 h5 5. Nf3 h4 6. Bg2 hxg3 7. hxg3
Bxg3+ 8. Kf1 Rxh1+ 9. Bxh1 g5 10. d4 Bh3+ 11. Bg2 g4 12. Bxh3 gxh3 13. Qd3 Qd7
14. Qe4+ Ne7 15. Qxb7 Qc6 16. Qxc6+ Nbxc6 17. Be3 Nf5 18. Bf2 h2 19. Nxh2 Bxh2
20. c3 Bf4 21. e4 Bc1 22. a3 Ne3+ 23. Ke2 Ng4 24. Bg3 Kd7 25. Kd1 Bg5 26. Nd2
Rh8 27. Ke2 Rh3 28. Rg1 f6 29. e5 Bxd2 30. Kxd2 fxe5 31. dxe5 Ngxe5 32. Bf4
Nf3+ 33. Ke2 Nxg1+ 0-1

[Event "Novi (Oct)"]
[Site "?"]
[Date "1994.??.??"]
[Round "?"]
[White "Raupp, Kenneth A"]
[Black "Moncure, H."]
[Result "1-0"]
[WhiteElo "1605"]
[BlackElo "1605"]
[PlyCount "65"]
[EventDate "1994.??.??"]

1. f4 c5 2. Nf3 d6 3. e3 Nc6 4. Bb5 Bd7 5. b3 a6 6. Bxc6 Bxc6 7. Bb2 e5 8. fxe5
dxe5 9. Bxe5 f6 10. Bb2 Bd6 11. O-O Ne7 12. Nc3 Qc7 13. Kh1 O-O-O 14. Ne2 Nd5
15. e4 Nf4 16. d3 g5 17. Bxf6 g4 18. Nxf4 Bxf4 19. g3 Bd6 20. Ng5 Rhf8 21. Ne6
Qf7 22. Bxd8 Qxe6 23. Rxf8 Bxf8 24. Bh4 Be7 25. Bxe7 Qxe7 26. Qxg4+ Bd7 27.
Qg8+ Be8 28. Rf1 Kd7 29. Rf8 b5 30. Qd5+ Kc8 31. Qa8+ Kd7 32. Qb7+ Ke6 33. Qd5#
1-0

[Event "Detroit (MCO/C/4/13)"]
[Site "?"]
[Date "1994.??.??"]
[Round "?"]
[White "Raupp, Kenneth A"]
[Black "McFolley, John"]
[Result "0-1"]
[WhiteElo "1605"]
[BlackElo "1605"]
[PlyCount "126"]
[EventDate "1994.??.??"]

{4/(13)} 1. f4 e5 2. fxe5 d6 3. exd6 Bxd6 4. Nf3 g5 5. g3 g4 6. Nh4 Ne7 7. d4
Ng6 8. Nxg6 hxg6 9. Qd3 Nc6 10. c3 Ne7 11. Bg2 Nf5 12. e4 Nh4 13. gxh4 Qxh4+
14. Kd1 Bxh2 15. Be3 f5 16. exf5 gxf5 17. Nd2 Qg3 18. Qe2 Kf8 19. Kc2 Kg7 20.
Qf2 Re8 21. Qxg3 Bxg3 22. Bh6+ Kg6 23. Nf1 Re2+ 24. Kd3 Rxg2 25. Nxg3 Rxg3+ 26.
Kc4 Bd7 27. Bf4 Rf3 28. Bxc7 Rc8 29. Rae1 Rxc7+ 30. Kb4 Bc6 31. Re6+ Kg5 32.
Rh8 Bd5 33. Re1 Kf4 34. Rf8 Be4 35. c4 g3 36. Rg8 Rf2 37. Rg1 g2 38. d5 Rf1 39.
R1xg2 Bxg2 40. Rxg2 Ke3 41. c5 Rc1 42. Rg3+ Kf4 43. d6 R7xc5 44. Rd3 Rc8 45. d7
Rd8 46. Rd4+ Ke5 47. Rd2 Rc7 48. Re2+ Kf6 49. a3 Rcxd7 50. Kc3 f4 51. Rf2 Kg5
52. Rg2+ Kh4 53. Rf2 Kg3 54. Rf1 f3 55. b4 Kg2 56. Rb1 f2 57. Rb2 Kg1 58. Rb1+
f1=Q 59. Rxf1+ Kxf1 60. Kb3 b5 61. Kc3 Rd3+ 62. Kb2 Rd2+ 63. Ka1 Re2 0-1

[Event "Romulus (RVO/2/29)"]
[Site "?"]
[Date "1994.??.??"]
[Round "?"]
[White "Raupp, Kenneth A"]
[Black "Martell, Raul"]
[Result "1/2-1/2"]
[WhiteElo "1605"]
[BlackElo "1605"]
[PlyCount "108"]
[EventDate "1994.??.??"]

{2/(29)} 1. e4 e6 2. d4 d5 3. exd5 exd5 4. Nf3 Bd6 5. Nc3 Ne7 6. Be2 Be6 7. O-O
Nbc6 8. Be3 Qd7 9. Qd2 Ng6 10. Ng5 O-O-O 11. h3 h5 12. f4 Nce7 13. Bd3 Nh4 14.
Qf2 Nhf5 15. Qf3 f6 16. Bxf5 Nxf5 17. Nxe6 Qxe6 18. Rae1 c6 19. Bd2 Qd7 20. Ne2
Rde8 21. c3 Re7 22. Ng3 Nxg3 23. Qxg3 g5 24. Qf3 g4 25. hxg4 hxg4 26. Rxe7 Bxe7
27. Qe2 f5 28. c4 Bf6 29. Qd3 dxc4 30. Qa3 Bxd4+ 31. Be3 Bxe3+ 32. Qxe3 Qd3 33.
Qe6+ Qd7 34. Qxc4 Rd8 35. Qb3 Qd4+ 36. Rf2 Qd1+ 37. Qxd1 Rxd1+ 38. Kh2 Rd3 39.
g3 Kd7 40. Re2 b5 41. Rc2 a5 42. a4 b4 43. Rc5 Rd2+ 44. Kg1 Rd5 45. Rxd5+ cxd5
46. Kf2 Kc6 47. Ke3 Kc5 48. b3 d4+ 49. Ke2 Kd6 50. Kd2 Kc5 51. Ke2 Kd5 52. Kd3
Kc5 53. Ke2 Kd5 54. Kd3 Kc5 1/2-1/2

[Event "Detroit (MOR/1a/9)"]
[Site "?"]
[Date "1994.??.??"]
[Round "?"]
[White "Raupp, Kenneth A"]
[Black "Jointer, William"]
[Result "1-0"]
[WhiteElo "1605"]
[BlackElo "1740"]
[PlyCount "151"]
[EventDate "1994.??.??"]

1. f4 e5 2. fxe5 d6 3. exd6 Bxd6 4. Nf3 Nf6 5. g3 Nc6 6. c3 O-O 7. d4 Re8 8.
Qd3 Bg4 9. Bf4 Bh5 10. Bxd6 Qxd6 11. Nbd2 Bg6 12. Qc4 b5 13. Qc5 Qxc5 14. dxc5
b4 15. Rc1 Re7 16. Rg1 Rae8 17. Rg2 Ng4 18. Nc4 Bd3 19. Nfd2 Nce5 20. Nxe5 Rxe5
21. cxb4 Ne3 22. Rf2 Bg6 23. Nc4 Nxc4 24. Rxc4 Bd3 25. Rcf4 R8e7 26. Rd4 Bb5
27. Rd8+ Be8 28. Bg2 g6 29. Ra8 Kg7 30. Rxa7 Bb5 31. Bf3 Re3 32. Kd2 R3e6 33.
a4 Rd7+ 34. Ke1 Bc4 35. Bg4 f5 36. Rf4 Bb3 37. Bf3 Kf6 38. Bg4 h5 39. Bh3 Rde7
40. Rf2 Re4 41. Ra6+ Kg5 42. b5 Bxa4 43. b6 Bb5 44. Ra7 Rxe2+ 45. Rxe2 Rxe2+
46. Kd1 cxb6 47. cxb6 Rxb2 48. Bg2 Rxg2 49. b7 Be2+ 50. Ke1 Rg1+ 51. Kxe2 Rb1
52. Kf3 Rb3+ 53. Kg2 h4 54. Kh3 Kh5 55. Ra4 hxg3 56. b8=Q gxh2+ 57. Qxb3 h1=Q+
58. Kg3 Qg1+ 59. Kf4 Qg5+ 60. Ke5 f4+ 61. Kd4 Qf6+ 62. Kc5 Qf5+ 63. Qd5 Qxd5+
64. Kxd5 Kg4 65. Ke5 g5 66. Ra1 f3 67. Rg1+ Kh4 68. Ke4 f2 69. Rf1 Kh3 70. Rxf2
g4 71. Kf4 g3 72. Rf3 Kh2 73. Rxg3 Kh1 74. Kf3 Kh2 75. Kf2 Kh1 76. Rh3# 1-0